Football (Soccer) Positions - Statistics

General Stats
  • This quiz has been taken 8,219 times
    8,209 since last reset
  • The average score is 7 of 8
Answer Stats
Hint Answer % Correct
Gianluigi Buffon Goalkeeper
97%
Wayne Rooney Striker
96%
Dani Alves Right Back
92%
Nani Winger
92%
Roberto Carlos Left Back
91%
John Terry Center Back
90%
Xavi Center Midfield
68%
Claude Makéléle Defensive Midfield
66%
No matching quizzes found
Score Distribution
Percent of People with Each Score
Percentile by Number Answered
Your Score History
You have not taken this quiz since the last reset